Parallel computer architecture: A hardware/software approach (Record no. 176440)

MARC details
000 -LEADER
fixed length control field 00453nam a2200145Ia 4500
008 - FIXED-LENGTH DATA ELEMENTS--GENERAL INFORMATION
fixed length control field 231217s9999 xx 000 0 und d
041 ## - LANGUAGE CODE
Language code of text/sound track or separate title English
082 ## - DEWEY DECIMAL CLASSIFICATION NUMBER
Classification number 004.35 CUL
100 ## - MAIN ENTRY--PERSONAL NAME
Personal name Culler, David ESingh, Jaswinder Pal
245 #0 - TITLE STATEMENT
Title Parallel computer architecture: A hardware/software approach
260 ## - PUBLICATION, DISTRIBUTION, ETC.
Date of publication, distribution, etc. 1999
Name of publisher, distributor, etc. Elsevier
Place of publication, distribution, etc. New Delhi
300 ## - PHYSICAL DESCRIPTION
Extent xxix+1025
650 ## - SUBJECT ADDED ENTRY--TOPICAL TERM
Topical term or geographic name entry element Parallel,computer,architecture:,hardware/software,approach
942 ## - ADDED ENTRY ELEMENTS (KOHA)
Koha item type Books
Holdings
Date last seen Total checkouts Full call number Accession number Cost, total (INR) price Price effective from Category Lost status Damaged status Department Withdrawn status Home library Current library Shelving location Entry date Vendor Cost, normal purchase price Grants Billnumber Billdate Currency symbol Conversion rate Discount Old discount
26/01/2024   004.35 CUL 38506 316.00 26/01/2024 Books     Central Library   Central Library Central Library Central Library 12/11/2005 Sapna Book House 395.00 CS/PG 6 08/09/2004 RS 1 79 20
26/01/2024   004.35 CUL 38507 316.00 26/01/2024 Books     Central Library   Central Library Central Library Central Library 12/11/2005 Sapna Book House 395.00 CS/PG 6 08/09/2004 RS 1 79 20

© For any Suggestions or Query, please contact the library staff @ librarian@pes.edu or Phone: +9180 2672 1983/ 2108.